000 01657cam a22003857a 4500
003 CHAP
005 20220329134855.0
008 971013d1974 mx r 00110 spa d
010 _a27288
011 _a28260
035 _a32363
040 _cCHAP
082 0 4 _a301.444
_bI5
110 2 _aInstituto Nacional de Antropología e Historia. México
_959286
245 1 4 _aLos campesinos de la tierra de Zapata
_c/por Instituto Nacional de Antropología e Historia
260 _aMéxico, D.F. :
_bInstituto Nacional de Antropología e Historia,
_c1974.
300 _a3 v
505 _aContenido: v.1 Adaptación, cambio y rebelión -- v.2 Subsistencia y explotació -- v.3 Política y conflicto
590 _aBATCH-UPD
_b10
_c20130110
_lUCH01
_h1717
590 _aCONVERSION
_b10
_c20130109
_lUCH01
_h1316
650 1 4 _aCampesinado
_xMorelos.
_918027
650 1 4 _aMorelos
_xCondiciones rurales.
_978526
700 0 _aAlonso, Jorge.
_94615
700 0 _aAzaola Garrido, Elena.
_99094
700 0 _aHelguera, Laura.
_953425
901 _aBK
942 _cLIBRO
949 _a301.444 I5
_bBC
_cLIBRO
_d-75147
_eLIBRO
_fv.1 c.2
_h33777
_i32363
_si
949 _a301.444 I5
_bBC
_cLIBRO
_d33724000230298
_eLIBRO
_fv.2
_h41490
_i32363
_si
949 _a301.444 I5
_bBC
_cLIBRO
_d33724000230306
_eLIBRO
_fv.1
_h41489
_i32363
_si
949 _a301.444 I5
_bBC
_cLIBRO
_d33724000230314
_eLIBRO
_fv.3 c.3
_h62836
_i32363
_si
949 _a301.444 I5
_bBC
_cLIBRO
_d33724000230322
_eLIBRO
_fv.3
_h41491
_i32363
_si
949 _a301.444 I5
_bBC
_cLIBRO
_d33724000230348
_eLIBRO
_fv.3 c.2
_h62835
_i32363
_si
949 _a301.444 I5
_bBC
_cLIBRO
_d33724000705182
_eLIBRO
_fv.2 c.2
_h94144
_i32363
_kDonaciØn
_si
999 _c27288
_d27288